000 00640nam a2200181Ia 4500
003 GCL
008 140319s9999 xx 000 0 ara d
040 _aGCL /
_cGCL
082 0 4 _a133.426
_bم ح
100 1 _aمحمد على حمد السيداى
245 1 0 _aحقيقة الجن 0الشياطين من الكتاب و السنه /
_cمحمد على حمد السيداى
260 _a[S.N] :
_bدار الحارث للنشر والتوزيع ،
_c1987
300 _a139 ص
490 _a
650 0 4 _aالشياطين والجان
650 0 4 _aالشياطين والجان فى الدين والفلكلور
942 _2ddc
_cBK
999 _c53024
_d53024